Los `barjots` (Record no. 108598)

MARC details
000 -LEADER
campo de control de longitud fija 00553nam a2200181 4500
001 - NÚMERO DE CONTROL
campo de control 108598
003 - IDENTIFICADOR DE NÚMERO DE CONTROL
campo de control ES-MaACL
005 - FECHA Y HORA DE LA ÚLTIMA TRANSACCIÓN
campo de control 20230906184654.0
007 - CAMPO FIJO DE DESCRIPCIÓN FÍSICA--INFORMACIÓN GENERAL
campo de control de longitud fija t|
008 - DATOS DE LONGITUD FIJA--INFORMACIÓN GENERAL
campo de control de longitud fija 061121s1971 sp r ||||1| spa d
100 1# - ENTRADA PRINCIPAL--NOMBRE DE PERSONA
Nombre de persona Monod, Jean.
9 (RLIN) 82257
245 14 - MENCIÓN DEL TÍTULO
Título Los `barjots`
Resto del título : ensayo de etnología de las bandas jóvenes /
Mención de responsabilidad, etc. Jean Monod; traducción de Pablo Grosschimd.
250 ## - MENCION DE EDICION
Mención de edición 1ª. ed.
260 ## - PUBLICACIÓN, DISTRIBUCIÓN, ETC.
Lugar de publicación, distribución, etc. Barcelona :
Nombre del editor, distribuidor, etc. Seix Barral,
Fecha de publicación, distribución, etc. 1971.
300 ## - DESCRIPCIÓN FÍSICA
Extensión 377 p. ;
Dimensiones 20 cm.
700 1# - ENTRADA AGREGADA--NOMBRE PERSONAL
Nombre de persona Grosschimd, Pablo.
9 (RLIN) 60174
852 ## - LOCALIZACIÓN
Ubicación ES-MaACL
Número de control de estantería C-39203
Sublocalización o colección R.76440
Holdings
Estatus retirado Estado de pérdida Estado de daño No para préstamo Biblioteca de origen Biblioteca actual Ubicación en estantería Fecha de adquisición Fuente de adquisición Total de préstamos Signatura topográfica completa Código de barras Visto por última vez Precio de reemplazo Tipo de ítem Koha
        Biblioteca del Ateneo de Madrid Biblioteca del Ateneo de Madrid Depósito 2 17/01/2008     C-39203 1113317 23/02/2023 23/02/2023 Libro impreso